000 00467nam a22001697a 4500
005 20251108171252.0
008 250721s2001 xx 000 0 ara d
082 1 4 _a920/شوا
100 1 _aالشوابكة، ماجد
245 1 0 _aشخصيات في التاريخ /
264 1 _aعمان :
_bالمؤسسة الثلاثية،
_c2001.
300 _a35ص.
650 1 7 _aالتراجم
700 1 _aيوسف، مصطفى
942 _2ddc
_cBK
999 _c60937
_d60937